Normal view
MARC view
- Mason, Ashley
Entry Personal Name
001 - CONTROL NUMBER
- control field: 129145
003 - CONTROL NUMBER IDENTIFIER
- control field: NUST
005 - DATE AND TIME OF LATEST TRANSACTION
- control field: 20250618112408.0
008 - FIXED-LENGTH DATA ELEMENTS
- fixed length control field: 250618|| aca||aabn | a|a d
040 ## - CATALOGING SOURCE
- Original cataloging agency: NUST
- Transcribing agency: NUST
100 ## - HEADING--PERSONAL NAME
- Personal name: Mason, Ashley
670 ## - SOURCE DATA FOUND
- Source citation: Work cat.: (NUST)0: Creative practice inquiry in architecture /
